El Presidente obsequia a los diputados y a los periodistas
Colección:
San Jorge,
; núm. 13 (gener 1954), pàg 106
Materias:
Periodistes -- Barcelona (Catalunya)
Idioma:
Español
MARC
| LEADER | 00000naa a2200000 a 4500 | ||
|---|---|---|---|
| 003 | Arxiu | ||
| 005 | 20260324181023.0 | ||
| 008 | 160829s1954 spc xx s spa c | ||
| 040 | |a agdb | ||
| 245 | 0 | 3 | |a El Presidente obsequia a los diputados y a los periodistas |
| 490 | |a San Jorge, |v núm. 13 (gener 1954), pàg 106 | ||
| 650 | 0 | |a Periodistes |z Barcelona (Catalunya) |9 30537 | |
| 773 | |g Núm. 13 (gener 1954), pàg 106 |t San Jorge. | ||
| 901 | |a Arxiu | ||
| 942 | |n 1 |2 udc |c ART | ||
| 952 | |0 0 |1 0 |4 0 |6 REV509 |7 1 |9 64766 |a Arxiu |b Arxiu |d 2022-12-13 |l 0 |o Rev-509 |r 2022-12-13 00:00:00 |w 2022-12-13 |y ARXIU |z També disponible a Rev-523 | ||
| 999 | |c 43718 |d 43718 | ||